Introduction to computer science : With examples in visual basic, C, C++ and java

Illustrates key computing concepts using examples in the most popular programming languages. This is an essential guide for the hundreds of thousands of students studying Introduction to Computer Science or Introduction to Programming, presenting the basic concepts of computerscience and illlustrati...

Ausführliche Beschreibung

Gespeichert in:
Bibliographische Detailangaben
1. Verfasser: Mata-Toledo, Ramón A.
Weitere Verfasser: Cushman, Pauline K.
Format: Buch
Sprache:Vietnamese
Veröffentlicht: New York McGraw-Hill 2000
Schriftenreihe:Schaum's Outline Series
Schlagworte:
Tags: Tag hinzufügen
Keine Tags, Fügen Sie den ersten Tag hinzu!
Thư viện lưu trữ: Thư viện Trường Đại học Nam Cần Thơ
LEADER 01224nam a22002297a 4500
001 NCT_4_025538
008 250807b xxu||||| |||| 00| 0 vie d
999 |c 9261  |d 9261 
020 |a 0071165967 
082 0 4 |2 23rd ed.  |a 005.133   |b M862 
100 1 |a Mata-Toledo, Ramón A. 
245 1 0 |a Introduction to computer science :   |b With examples in visual basic, C, C++ and java  |c Ramón A. Mata-Toledo, Paline K. Cushman 
260 |a New York  |b McGraw-Hill  |c 2000 
300 |a vii, 296 p.  |b ill.  |c 27 cm 
490 0 |a Schaum's Outline Series 
504 |a Includes index 
520 3 |a Illustrates key computing concepts using examples in the most popular programming languages. This is an essential guide for the hundreds of thousands of students studying Introduction to Computer Science or Introduction to Programming, presenting the basic concepts of computerscience and illlustrating them with examples in C/C++, and Java.  
653 |a Công nghệ thông tin 
700 1 |a Cushman, Pauline K.  
942 |2 ddc  |c BK 
952 |0 0  |1 0  |2 ddc  |4 0  |6 005_133000000000000_M862  |7 0  |9 31302  |a 000001  |b 000001  |d 2025-08-07  |o 005.133 M862  |p MD.24333  |r 2025-08-07  |w 2025-08-07  |y BK 
980 |a Thư viện Trường Đại học Nam Cần Thơ